Diplomatic correspondence of the United States: inter-american affairs 1831-1860
Saved in:
| Hovedforfatter: | |
|---|---|
| Format: | Bog |
| Sprog: | engelsk |
| Udgivet: |
Washington, D.C
Carnegie Endowment for International Peace
1932
|
| Fag: | |
| Tags: |
Tilføj Tag
Ingen Tags, Vær først til at tagge denne postø!
|
MARC
| LEADER | 00000nam a2200000 a 4500 | ||
|---|---|---|---|
| 001 | UCT9463 | ||
| 003 | CL-VaPUC | ||
| 008 | 970404e19320000US |||||||||||||||||eng|d | ||
| 082 | 0 | 4 | |a 327.2 |b MAN |2 21 |
| 100 | |a Manning, William R. |e autor |9 382162 | ||
| 245 | 1 | 0 | |a Diplomatic correspondence of the United States: inter-american affairs 1831-1860 |
| 300 | |a v | ||
| 942 | |c BK | ||
| 945 | |d 19970404 00:00:00 |a lriquelm | ||
| 260 | |a Washington, D.C |b Carnegie Endowment for International Peace |c 1932 | ||
| 500 | |a v.1: Argentina, documents 1-387 | ||
| 500 | |a v.2: Bolivia and Brazil, documents 388-722 | ||
| 500 | |a v.3: Central America 1831-1850, documents 723-995 | ||
| 500 | |a v.4: Central America 1851-1860, documentsd 996-1578 | ||
| 500 | |a v.5: Chile and Colombia, documents 1579-2190d | ||
| 500 | |a v.6: Dominican republic, Ecuador, France, documents 2191-2671 | ||
| 500 | |a v.7: Great Britain, documents 2672-3127 | ||
| 500 | |a v.8: Mexico, documents 3128-3771 | ||
| 500 | |a v.9: Mexico, documents 3772-4476 | ||
| 500 | |a v.10: The Netherlands, Paraguay, Perú, documents 4477-5032 | ||
| 500 | |a v.11: Spain, documents 5033-5678 | ||
| 650 | 0 | |a Diplomacia |9 256483 | |
| 650 | 0 | |a Política internacional |9 255813 | |
| 650 | 0 | |a Relaciones Internacionales |9 255740 | |
| 650 | 0 | |a Conflicto internacional |9 341259 | |
| 650 | 0 | |a Correspondencia |9 258963 | |
| 651 | 0 | |a América Latina |9 255027 | |
| 651 | 0 | |a Estados Unidos |9 255178 | |
| 583 | |a last modification |c 19970404 00:00:00 |k Rodrigo Vera | ||
| 999 | |c 257864 |d 257862 | ||
| 952 | |0 0 |1 0 |4 0 |6 327_200000000000000_MAN_1932 |7 0 |8 P |9 281554 |a BIBDER |b BIBDER |d 2019-11-19 |h v.1 |i 1826271 |o 327.2 MAN 1932 |p 1826271 |r 2023-01-25 |w 2019-11-19 |y BK |k DER | ||
| 952 | |0 0 |1 0 |4 0 |6 327_200000000000000_MAN_1932 |7 0 |8 P |9 281555 |a BIBDER |b BIBDER |d 2019-11-19 |h v.10 |i 182628K |o 327.2 MAN 1932 |p 182628K |r 2023-01-25 |w 2019-11-19 |y BK |k DER | ||
| 952 | |0 0 |1 0 |4 0 |6 327_200000000000000_MAN_1932 |7 0 |8 P |9 281556 |a BIBDER |b BIBDER |d 2019-11-19 |h v.2 |i 1825720 |o 327.2 MAN 1932 |p 1825720 |r 2023-01-25 |w 2019-11-19 |y BK |k DER | ||
| 952 | |0 0 |1 0 |4 0 |6 327_200000000000000_MAN_1932 |7 0 |8 P |9 281557 |a BIBDER |b BIBDER |d 2019-11-19 |h v.3 |i 1825739 |o 327.2 MAN 1932 |p 1825739 |r 2023-01-25 |w 2019-11-19 |y BK |k DER | ||
| 952 | |0 0 |1 0 |4 0 |6 327_200000000000000_MAN_1932 |7 0 |8 P |9 281558 |a BIBDER |b BIBDER |d 2019-11-19 |h v.4 |i 1825747 |o 327.2 MAN 1932 |p 1825747 |r 2023-01-25 |w 2019-11-19 |y BK |k DER | ||
| 952 | |0 0 |1 0 |4 0 |6 327_200000000000000_MAN_1932 |7 0 |8 P |9 281559 |a BIBDER |b BIBDER |d 2019-11-19 |h v.5 |i 1825755 |o 327.2 MAN 1932 |p 1825755 |r 2023-01-25 |w 2019-11-19 |y BK |k DER | ||
| 952 | |0 0 |1 0 |4 0 |6 327_200000000000000_MAN_1932 |7 0 |8 P |9 281560 |a BIBDER |b BIBDER |d 2019-11-19 |h v.6 |i 1825763 |o 327.2 MAN 1932 |p 1825763 |r 2023-01-25 |w 2019-11-19 |y BK |k DER | ||
| 952 | |0 0 |1 0 |4 0 |6 327_200000000000000_MAN_1932 |7 0 |8 P |9 281561 |a BIBDER |b BIBDER |d 2019-11-19 |h v.7 |i 1825771 |o 327.2 MAN 1932 |p 1825771 |r 2023-01-25 |w 2019-11-19 |y BK |k DER | ||
| 952 | |0 0 |1 0 |4 0 |6 327_200000000000000_MAN_1932 |7 0 |8 P |9 281562 |a BIBDER |b BIBDER |d 2019-11-19 |h v.8 |i 182578K |o 327.2 MAN 1932 |p 182578K |r 2023-01-25 |w 2019-11-19 |y BK |k DER | ||
| 952 | |0 0 |1 0 |4 0 |6 327_200000000000000_MAN_1932 |7 0 |8 P |9 281563 |a BIBDER |b BIBDER |d 2019-11-19 |h v.9 |i 1825798 |o 327.2 MAN 1932 |p 1825798 |r 2023-01-25 |w 2019-11-19 |y BK |k DER | ||
| 952 | |0 0 |1 0 |4 0 |6 327_200000000000000_MAN_1932 |7 0 |8 P |9 281564 |a BIBDER |b BIBDER |d 2019-11-19 |h v.11 |i 1825801 |o 327.2 MAN 1932 |p 1825801 |r 2023-01-25 |w 2019-11-19 |y BK |k DER | ||